000 00283nam a22001337a 4500
008 170619b xxu||||| |||| 00| 0 eng d
020 _a019503602
041 _aeng
080 _a94
100 _a16
101 _aSHH
245 _aWEAVERS OF REVOLUTION
_cWINN,P
942 _2udc
_cBK
999 _c18185
_d18185